Statistics for Blitz 50

Click here to take the quiz!

General Stats

  • This quiz has been taken 5 times
  • The average score is 5 of 24

Answer Stats

Blitz 50: split vowels and vowel teamsAnswer% Correct
number following thirteenfourteen
100%
a place of refuge with water and grass in the desert; a fertile spot in the desertoasis
100%
a person who recites or writes poetrypoet
100%
void of noise, little of no noisequiet
50%
a region or part of town, country or world; also, the measurement or a surface or piece of landarea
25%
a type of grass in the South; a type of country music usually with banjo, guitar and fiddlebluegrass
25%
a long flat surface over which business is conducted suchcounter
25%
A way of eating, the kinds of foods that a person, animal or community habitually eatsdiet
25%
main means of mass communication such as TV, newspapers, magazines, online infomedia
25%
withdraw from enemy forces; a place of refuge to rest, refresh and pull back from the world for a timeretreat
25%
a kind of watercraft which uses oars to propel one forwardrowboat
25%
not from this country or world; foreignalien
0%
having been defeated; He was _____ by his friend in the checkers game.beaten
0%
a mixed group of males and females such as on a teamcoed
0%
able to express oneself articulately accurately to be understood> We work on rate, accuracy and rhythm because we want you to be ______ readers.fluent
0%
past tense of to warm; The indoor pool was _____ in order to allow for year around swimmingheated
0%
a type of virus which usually infects person in the winter to spring,; You do not want to get _______ and be out for a week.influenza
0%
the state in which we live; the Hawkeye state, ...where the tall corn grows.Iowa
0%
An Asian country beginning with a K - there are both a North and South country.Korea
0%
a type of main dish usually using beef or pork, shaped into an oval and covered with saucemeatloaf
0%
orderly, in an organized fashion ; The books were _____ arranged on the shelfneatly
0%
verse containing elements of song and speech such as rhythm, meter and stanzas.poem
0%
to quietly approach, to move or go in a stealthy mannersneak
0%
a formal examination before a judge or jury; an obstacle or test of performancetrial
0%

Score Distribution

Percentile by Number Answered

Percent of People with Each Score

Your Score History

You have not taken this quiz